| 000 | 01100naa a22002777a 4500 | ||
|---|---|---|---|
| 001 | BR9404369 | ||
| 003 | BR-BrBNA | ||
| 005 | 20240918181233.0 | ||
| 007 | ta | ||
| 008 | 230509b bl.||||| |||| 00| 0 por d | ||
| 040 |
_aBR-BrBNA _bpor _cBiblioteca Nacional de Agricultura |
||
| 041 | _a(Pt) | ||
| 072 |
_aN20 _b4530 _b4540 |
||
| 090 | _aN20 BR9404369 | ||
| 100 | 1 | _aAlmeida, R. de A. | |
| 111 | 1 |
_a1. Encontro Latino Americano sobre Plantio Direto na Pequena Propriedade _cPonta Grossa, PR (Brazil) _d22-26 Nov 1993 |
|
| 245 | 1 | _aAdaptacao da matraca ao plantio direto em pequenas propriedades | |
| 260 | 3 |
_aLondrina, PR (Brasil): _c1993. |
|
| 500 | _a1. Encontro Latino Americano sobre Plantio Direto na Pequena Propriedade. Anais Londrina, PR (Brasil): 1993. p. 251-257 (BR9404369-AM)N20 | ||
| 650 | _aPlantadeira | ||
| 650 | _aAdubadeira | ||
| 650 | _aPlantio Direto | ||
| 773 | 0 |
_t1. Encontro Latino Americano sobre Plantio Direto na Pequena Propriedade. Anais _wN20 BR9404369 _gLondrina, PR (Brasil), 1993. p. 251-257 |
|
| 909 |
_a202404 _bLucia _c55 _dLucia Elande |
||
| 942 |
_cAM _2AGRIS |
||
| 999 |
_c324276 _d324276 |
||